Alle U-21 Fußball-Europameister - Statistiken

Allgemein
  • Dieses Quiz wurde 176 mal gespielt
  • Das Durchschnittsergebnis liegt bei 9 aus 10
Antwortstatistiken
Anzahl Titel Jahre Land % Korrekt
3x EM 2009,2017,2021 Deutschland
100%
5x EM 1992,1994,1996,2000,2004 Italien
99%
5x EM 1986,1998,2011,2013,2019 Spanien
99%
4x EM 1982,1984,2023,2025 England
96%
1x EM 1988 Frankreich
93%
2x EM 2006,2007 Niederlande
90%
2x EM 1980,1990 Sowjetunion
84%
1x EM 2015 Schweden
82%
1x EM 2002 Tschechien
61%
1x EM 1978 Jugoslawien
51%
Keine übereinstimmenden Quizze gefunden
Verteilung der Resultate
Anzahl Personen mit jedem Resultat
Perzentil nach korrekt beantworteten Fragen
Ihre Resultats-Entwicklung
Sie haben dieses Quiz noch nicht gespielt